[Event "Open 13 2008/2009"]
[Site "Lenovo"]
[Date "2008.10.11"]
[Round "1"]
[White "Noireaut, Hung"]
[Black "Anton, Jose"]
[Result "1-0"]
[WhiteElo "1720"]
[BlackElo "1916"]
[PlyCount "35"]

1. e4 e5 2. Nf3 Nc6 3. d4 exd4 4. Nxd4 Qh4 5. Qd3 Bb4+ 6. c3 Ba5 7. Nf5 Qf6 8.
Nd2 d6 9. Nf3 h6 10. Qc2 Nge7 11. Bd3 Nxf5 12. exf5 O-O 13. O-O Bd7 14. b4 Bxb4
15. cxb4 Qxa1 16. Bb2 Qxa2 17. Bc4 Bxf5 18. Qc3 1-0

[Event "Open 13 2008/2009"]
[Site "Lenovo"]
[Date "2008.10.11"]
[Round "1"]
[White "Calatayud, Stephane"]
[Black "Collier, Timothy"]
[Result "0-1"]
[WhiteElo "1580"]
[BlackElo "1897"]
[PlyCount "46"]

1. e4 e5 2. f4 d5 3. exd5 exf4 4. Nf3 Nf6 5. Bc4 Be7 6. Nc3 O-O 7. O-O c6 8.
dxc6 Nxc6 9. d4 Qb6 10. Ne2 Bg4 11. c3 Bxf3 12. Rxf3 Ne5 13. Nxf4 Nxc4 14. b3
Ne5 15. Rh3 Ng6 16. Nxg6 fxg6 17. Be3 Qe6 18. c4 Ng4 19. Qd2 Rae8 20. d5 Qf6
21. Rd1 Nxe3 22. Qxe3 Bd8 23. Qd3 Re1+ 0-1

[Event "Open 13 2008/2009"]
[Site "Lenovo"]
[Date "2008.10.11"]
[Round "1"]
[White "Battesti, Marc Andria"]
[Black "Parroco, Pierre-Jean"]
[Result "1-0"]
[WhiteElo "1965"]
[BlackElo "1745"]
[PlyCount "51"]

1. e4 e5 2. f4 exf4 3. Nf3 g5 4. h4 g4 5. Ne5 Nf6 6. Nc3 d6 7. Nxf7 Kxf7 8.
Bc4+ Be6 9. Bxe6+ Kxe6 10. d4 Nbd7 11. Bxf4 Rg8 12. Qe2 Qe8 13. Qc4+ Ke7 14.
Bg5 Bg7 15. O-O Qf7 16. Nd5+ Kf8 17. Qxc7 Qe6 18. Bxf6 Bxf6 19. Nxf6 Nxf6 20.
Rxf6+ Qxf6 21. Rf1 Qxf1+ 22. Kxf1 Rg7 23. Qxd6+ Kg8 24. d5 g3 25. Qe6+ Kh8 26.
d6 1-0

[Event "Open 13 2008/2009"]
[Site "Lenovo"]
[Date "2008.10.11"]
[Round "1"]
[White "Nakache, Jonathan"]
[Black "Cortes, Antoine"]
[Result "1-0"]
[WhiteElo "1860"]
[BlackElo "2165"]
[PlyCount "52"]

1. e4 c5 2. Nf3 Nc6 3. d4 cxd4 4. Nxd4 Nf6 5. Nc3 d6 6. Bg5 e6 7. Qd2 Be7 8. f4
O-O 9. O-O-O h6 10. Bxf6 Bxf6 11. Nb3 Be7 12. Kb1 a5 13. a4 Nb4 14. Nb5 d5 15.
c3 Nc6 16. Bd3 dxe4 17. Bxe4 Qxd2 18. Rxd2 e5 19. f5 Bg5 20. Rd3 Ne7 21. h4 Bf6
22. g4 g6 23. Nd6 Bd7 24. Bxb7 Rab8 25. Ne4 Bxa4 26. Nxf6+ Kg7 1-0

[Event "Open 13 2008/2009"]
[Site "Lenovo"]
[Date "2008.10.11"]
[Round "1"]
[White "Montanelli, Tristan"]
[Black "Del Vecchio, Alain"]
[Result "0-1"]
[WhiteElo "1611"]
[BlackElo "1900"]
[PlyCount "82"]

1. d4 f5 2. Nf3 Nf6 3. e3 g6 4. Bd3 Bg7 5. Nbd2 O-O 6. e4 fxe4 7. Nxe4 d5 8.
Ng3 Bg4 9. c3 Nc6 10. h3 Bxf3 11. gxf3 e5 12. dxe5 Nxe5 13. f4 Nxd3+ 14. Qxd3
Re8+ 15. Be3 Qd6 16. O-O-O c5 17. Kb1 Rad8 18. f3 Bh6 19. Qd2 Rxe3 20. Nf5 Qxf4
21. Nxh6+ Qxh6 22. Rhe1 Rde8 23. Re2 Qf4 24. Rde1 Qf5+ 25. Kc1 Rxe2 26. Rxe2
Rxe2 27. Qxe2 Qf4+ 28. Kc2 Qd6 29. Qb5 b6 30. Qa4 a5 31. h4 Qe6 32. Qb5 Nh5 33.
Qa6 Nf4 34. Qa8+ Kg7 35. Qd8 Qf5+ 36. Kb3 Qf6 37. Qc7+ Kh6 38. Qb8 Nd3 39. a3
c4+ 40. Ka2 Qxf3 41. h5 Qf2 0-1

[Event "Open 13 2008/2009"]
[Site "Lenovo"]
[Date "2008.10.11"]
[Round "1"]
[White "Battaglia, Gerard"]
[Black "Estevez, Ange"]
[Result "1-0"]
[WhiteElo "1905"]
[BlackElo "1625"]
[PlyCount "71"]

1. d4 d6 2. e4 g6 3. c4 Bg7 4. Nc3 Nd7 5. f4 e5 6. fxe5 dxe5 7. d5 Nh6 8. Nf3
f6 9. Be2 O-O 10. O-O Nf7 11. b4 c6 12. Be3 Nb8 13. c5 Bg4 14. Qb3 Kh8 15. h3
Bxf3 16. Bxf3 Ng5 17. Bxg5 fxg5 18. Rad1 Qe8 19. a4 a6 20. Bg4 Rxf1+ 21. Rxf1
Nd7 22. Be2 Nf6 23. b5 cxd5 24. exd5 e4 25. c6 bxc6 26. bxc6 Rb8 27. Qc4 Qe5
28. Rd1 Ne8 29. Nxe4 Rb2 30. Bf3 Qf4 31. d6 Nxd6 32. Nxd6 Qe3+ 33. Kh1 h5 34.
Nf7+ Kh7 35. Qe4 Qf2 36. Bxh5 1-0

[Event "Open 13 2008/2009"]
[Site "Lenovo"]
[Date "2008.10.11"]
[Round "1"]
[White "Lac, Benjamin"]
[Black "Madranges, Jean"]
[Result "1-0"]
[WhiteElo "1770"]
[BlackElo "1724"]
[PlyCount "73"]

1. e4 e6 2. d4 d5 3. e5 c5 4. c3 Nc6 5. Nf3 Nh6 6. Bd3 cxd4 7. cxd4 Qb6 8. O-O
Bd7 9. Bc2 Nf5 10. Bxf5 exf5 11. Nc3 Be6 12. Na4 Qa6 13. Ng5 b6 14. Nxe6 fxe6
15. a3 Be7 16. Nc3 O-O 17. f4 Rac8 18. Be3 Na5 19. Rf3 Nc4 20. Qe2 Qb7 21. Bf2
a6 22. Rd1 Rc7 23. Rh3 g6 24. Rdd3 Kh8 25. Rh6 Rg8 26. Nd1 b5 27. Bh4 Bxh4 28.
Rxh4 b4 29. Rb3 a5 30. Rh6 Qa7 31. Qf2 bxa3 32. bxa3 Rb7 33. Rd3 Rb1 34. Qh4
Qf7 35. Rh3 Rxd1+ 36. Kf2 Rg7 37. Qd8+ 1-0

[Event "Open 13 2008/2009"]
[Site "Lenovo"]
[Date "2008.10.11"]
[Round "1"]
[White "Chauvet, Vincent"]
[Black "Milesi, Laurent"]
[Result "0-1"]
[WhiteElo "1820"]
[BlackElo "2082"]
[PlyCount "72"]

1. e4 c5 2. f4 d5 3. e5 Nc6 4. Nf3 Nh6 5. Bb5 Nf5 6. c3 h5 7. Na3 e6 8. Nc2 Qb6
9. Bxc6+ bxc6 10. O-O Ba6 11. d3 Be7 12. Qe2 Bxd3 13. Qxd3 c4+ 14. Be3 Bc5 15.
Qe2 Bxe3+ 16. Kh1 h4 17. Nxe3 Nxe3 18. Rfe1 Nf5 19. Nd4 Nxd4 20. cxd4 g6 21. b3
Qxd4 22. bxc4 Rb8 23. cxd5 Rb2 24. Qg4 h3 25. gxh3 Qf2 26. Qg3 Qxg3 27. hxg3
Rxh3+ 28. Kg1 Rxg3+ 29. Kh1 cxd5 30. Rac1 Kf8 31. Rc8+ Kg7 32. a4 Rb4 33. Kh2
Rf3 34. Kg2 Rfxf4 35. Rh1 Rh4 36. Rhc1 Rhc4 0-1

[Event "Open 13 2008/2009"]
[Site "Lenovo"]
[Date "2008.10.11"]
[Round "1"]
[White "Busson, Benoist"]
[Black "Baquer, Marc"]
[Result "1-0"]
[WhiteElo "2007"]
[BlackElo "1806"]
[PlyCount "101"]

1. e4 e6 2. d4 d5 3. e5 c5 4. Nf3 Nc6 5. Bd3 cxd4 6. O-O Nge7 7. Bf4 Ng6 8. Bg3
Be7 9. Nbd2 Qc7 10. Nb3 Bd7 11. Re1 O-O 12. a3 Qd8 13. Nbxd4 Rc8 14. Kh1 a6 15.
Nxc6 Rxc6 16. Nd4 Rc8 17. Qe2 Qb6 18. c3 Bc5 19. Rad1 f5 20. exf6 Rxf6 21. Bxg6
Rxg6 22. Be5 Bd6 23. Bxd6 Qxd6 24. Qe5 Qb6 25. Rd2 Rf8 26. f3 Qd8 27. g3 Rg5
28. Qd6 Rg6 29. Re5 Rff6 30. Rde2 Qc8 31. f4 Bb5 32. Nxb5 axb5 33. f5 Rxf5 34.
Rxf5 exf5 35. Qxd5+ Kf8 36. Qxb5 Qc6+ 37. Qxc6 Rxc6 38. Kg2 Kf7 39. Kf2 Kf6 40.
Ke3 g5 41. Kd4 h5 42. c4 h4 43. gxh4 g4 44. Re8 Kf7 45. Re5 Kf6 46. Rb5 b6 47.
c5 Rxc5 48. Rxc5 bxc5+ 49. Kxc5 f4 50. Kd4 g3 51. hxg3 1-0

[Event "Open 13 2008/2009"]
[Site "Lenovo"]
[Date "2008.10.11"]
[Round "1"]
[White "Colandrea, Sauveur"]
[Black "Garcia, Robustiano"]
[Result "1-0"]
[WhiteElo "1899"]
[BlackElo "1610"]
[PlyCount "105"]

1. d4 d6 2. e4 Nf6 3. Bd3 g6 4. e5 dxe5 5. dxe5 Nd5 6. Bc4 e6 7. f4 Bc5 8. Nc3
Ne3 9. Qxd8+ Kxd8 10. Bxe3 Bxe3 11. Nh3 Bd7 12. Rd1 Ke7 13. Ke2 Bb6 14. Ng5 Bc6
15. Nf3 Rd8 16. Bd3 Nd7 17. b4 a6 18. Be4 Bxe4 19. Nxe4 a5 20. b5 Nc5 21. Ned2
Na4 22. Ne4 Nc5 23. Nc3 Rd7 24. Rxd7+ Nxd7 25. Ng5 h6 26. Nge4 Rd8 27. Na4 Ba7
28. c4 f5 29. exf6+ Nxf6 30. Nd2 Rd4 31. g3 Ne4 32. Nxe4 Rxe4+ 33. Kd3 Re3+ 34.
Kc2 Re2+ 35. Kb1 Re4 36. Rc1 Re2 37. c5 Re4 38. Nb2 Rb4 39. a4 b6 40. c6 Rd4
41. Rd1 Rxd1+ 42. Nxd1 Kd6 43. Kc2 e5 44. fxe5+ Kxe5 45. Kd3 Kd5 46. Ne3+ Kc5
47. Kc3 Kd6 48. Kd4 Ke6 49. Nd5 Kd6 50. h4 g5 51. h5 Bb8 52. Nf6 Ke6 53. Ng4
1-0

[Event "Open 13 2008/2009"]
[Site "Lenovo"]
[Date "2008.10.11"]
[Round "1"]
[White "Lenfant, Francois"]
[Black "Pierrugues, Laurent"]
[Result "1-0"]
[WhiteElo "2098"]
[BlackElo "1860"]
[PlyCount "83"]

1. c4 e6 2. Nf3 Nf6 3. g3 b6 4. Bg2 Bb7 5. O-O Be7 6. b3 O-O 7. Bb2 c5 8. e3
Na6 9. Qe2 Nc7 10. d4 d5 11. Rd1 Qe8 12. Ne5 Ba6 13. Nd2 Rc8 14. Rac1 Bb7 15.
dxc5 bxc5 16. cxd5 exd5 17. Ng4 Qd8 18. Nxf6+ Bxf6 19. Bxf6 Qxf6 20. Rxc5 Ne6
21. Ra5 Qd8 22. Rxa7 Qb6 23. Ra4 Rc2 24. Nc4 dxc4 25. Qxc2 Bxg2 26. Kxg2 Qc6+
27. e4 Ng5 28. Rxc4 Qe6 29. f4 Qh3+ 30. Kh1 Ne6 31. Rc8 g6 32. Rxf8+ Kxf8 33.
Qe2 h5 34. Rd2 Nc7 35. Qg2 Qe6 36. h3 Na6 37. Kh2 Nc5 38. Rd8+ Ke7 39. Rd5 Nd7
40. Qd2 Qc6 41. Rxd7+ Qxd7 42. Qxd7+ 1-0

[Event "Open 13 2008/2009"]
[Site "Lenovo"]
[Date "2008.10.11"]
[Round "1"]
[White "Israel, Daniel"]
[Black "Girard, Jean-Pierre"]
[Result "1-0"]
[WhiteElo "1740"]
[BlackElo "1940"]
[PlyCount "197"]

1. d4 Nf6 2. Nf3 e6 3. Bg5 d6 4. Nbd2 b6 5. e3 Nbd7 6. Bd3 c5 7. c3 Bb7 8. Qa4
Be7 9. Bxf6 Bxf6 10. Bb5 Qc7 11. Bxd7+ Qxd7 12. Qxd7+ Kxd7 13. O-O cxd4 14.
Nxd4 Bxd4 15. exd4 Rac8 16. Rfe1 Rhe8 17. Re3 g6 18. Rae1 Bd5 19. a3 b5 20. f4
Rb8 21. g4 a5 22. g5 f6 23. Rh3 Re7 24. Nf1 fxg5 25. fxg5 b4 26. axb4 axb4 27.
Ne3 bxc3 28. bxc3 Be4 29. Ng4 Bf5 30. Nf6+ Kd8 31. Rxh7 Rxh7 32. Nxh7 Rb2 33.
Nf6 d5 34. h4 Rc2 35. Re3 Rc1+ 36. Kh2 Kc7 37. Kg3 Rh1 38. Kf4 Rxh4+ 39. Ke5
Rh1 40. Rg3 Kc6 41. Ne8 Kd7 42. Ng7 Rf1 43. Re3 Ke7 44. Re2 Kf7 45. Nxf5 Rxf5+
46. Kd6 Rxg5 47. Rxe6 Rf5 48. Re5 Kf6 49. Kxd5 g5 50. Rxf5+ Kxf5 51. c4 g4 52.
c5 g3 53. c6 g2 54. c7 g1=Q 55. c8=Q+ Kf4 56. Qc7+ Kf3 57. Qc3+ Kf4 58. Qd2+
Kg4 59. Qe2+ Kg3 60. Ke4 Qh1+ 61. Kd3 Qb1+ 62. Qc2 Qb5+ 63. Kd2 Kf4 64. Qc3 Qd5
65. Qe3+ Kf5 66. Qh3+ Kg5 67. Qh8 Kg4 68. Qc8+ Kf4 69. Qc5 Qa2+ 70. Kc3 Qa1+
71. Kc4 Qc1+ 72. Kd5 Qh1+ 73. Kd6 Qh6+ 74. Kc7 Qg7+ 75. Kc6 Qg2+ 76. d5 Qe4 77.
Kb6 Qb1+ 78. Qb5 Qg1+ 79. Kc7 Qg7+ 80. Qd7 Qc3+ 81. Kd8 Qh8+ 82. Kc7 Qc3+ 83.
Qc6 Qg7+ 84. Kb8 Qg8+ 85. Kb7 Ke5 86. Qc3+ Ke4 87. d6 Qf7+ 88. Qc7 Qb3+ 89. Kc8
Qg8+ 90. Qd8 Qc4+ 91. Kd7 Qb5+ 92. Ke7 Qg5+ 93. Ke8 Qg8+ 94. Kd7 Qg4+ 95. Kc7
Qf4 96. Qa8+ Kd3 97. Qd5+ Kc3 98. Qc6+ Kb4 99. Kb7 1-0

[Event "BdR-ch Open 13 0809"]
[Site "Vitrolles"]
[Date "2008.11.08"]
[Round "2"]
[White "Colandrea, Sauveur"]
[Black "Lenfant, Francois"]
[Result "0-1"]
[WhiteElo "1899"]
[BlackElo "2098"]
[PlyCount "62"]
[EventDate "2008.10.11"]
[EventType "swiss"]
[EventRounds "9"]
[EventCountry "FRA"]

1. e4 e5 2. Nf3 Nc6 3. d4 exd4 4. Nxd4 Nf6 5. Nxc6 bxc6 6. e5 Qe7 7. Qe2 Nd5 8.
c4 Nb6 9. b3 a5 10. Bb2 a4 11. Nd2 axb3 12. axb3 Rxa1+ 13. Bxa1 Qa3 14. Qd1 Bb4
15. Bd3 Qa5 16. Ke2 O-O 17. Qc2 h6 18. f4 d6 19. Nf3 Re8 20. Bd4 dxe5 21. fxe5
Bf8 22. c5 Nd5 23. Ra1 Qb4 24. Ra4 Qb8 25. Bc4 Be6 26. Bf2 Qd8 27. Ra1 Bg4 28.
Qb2 Qd7 29. Kf1 Bxf3 30. gxf3 Qh3+ 31. Kg1 Re6 0-1

[Event "BdR-ch Open 13 0809"]
[Site "Vitrolles"]
[Date "2008.11.08"]
[Round "2"]
[White "Milesi, Laurent"]
[Black "Nakache, Jonathan"]
[Result "1/2-1/2"]
[WhiteElo "2082"]
[BlackElo "1860"]
[PlyCount "59"]
[EventDate "2008.10.11"]
[EventType "swiss"]
[EventRounds "9"]
[EventCountry "FRA"]

1. b3 e5 2. Bb2 Nc6 3. e3 Nf6 4. c4 Be7 5. Nf3 d6 6. Be2 O-O 7. d4 exd4 8. Nxd4
Nxd4 9. Qxd4 c5 10. Qc3 d5 11. cxd5 Qxd5 12. Bf3 Qf5 13. Nd2 Qg6 14. h4 Rd8 15.
h5 Qd3 16. h6 Qxc3 17. Bxc3 g6 18. Rc1 Nd5 19. Bxd5 Rxd5 20. Ne4 b6 21. O-O f5
22. Nf6+ Bxf6 23. Bxf6 Kf7 24. Bc3 Ba6 25. Rfe1 Re8 26. Rcd1 Bb7 27. Rxd5 Bxd5
28. Rd1 Ke6 29. f3 Kd6 30. Kf2 1/2-1/2

[Event "BdR-ch Open 13 0809"]
[Site "Vitrolles"]
[Date "2008.11.08"]
[Round "2"]
[White "Collier, Timothy"]
[Black "Busson, Benoist"]
[Result "0-1"]
[WhiteElo "1897"]
[BlackElo "2007"]
[PlyCount "76"]
[EventDate "2008.10.11"]
[EventType "swiss"]
[EventRounds "9"]
[EventCountry "FRA"]

1. e4 e5 2. Nf3 Nc6 3. Bc4 Nf6 4. d4 Nxe4 5. dxe5 Nc5 6. O-O Be7 7. Nc3 b6 8.
Qe2 Bb7 9. Nd5 Ne6 10. Nxe7 Qxe7 11. c3 Na5 12. Ba6 O-O 13. a4 Bxa6 14. Qxa6
Nc5 15. Qe2 Nab3 16. Ra3 Nxc1 17. Rxc1 a5 18. Qc2 Rfe8 19. b4 Ne6 20. Qd2 h6
21. Raa1 Red8 22. g3 d6 23. Qe1 f6 24. exd6 Qxd6 25. Rd1 Qc6 26. b5 Qxf3 27.
Qxe6+ Kh7 28. Qb3 {(=)} Rxd1+ 29. Rxd1 Re8 30. Qc2+ f5 31. Qb3 h5 32. Rf1 Re2
33. Qc4 Re4 34. Qb3 h4 35. Qd1 Qxd1 36. Rxd1 Rxa4 37. gxh4 Rxh4 38. f3 Rc4 0-1

[Event "BdR-ch Open 13 0809"]
[Site "Vitrolles"]
[Date "2008.11.08"]
[Round "2"]
[White "Lac, Benjamin"]
[Black "Battaglia, Gerard"]
[Result "0-1"]
[WhiteElo "1770"]
[BlackElo "1906"]
[PlyCount "84"]
[EventDate "2008.10.11"]
[EventType "swiss"]
[EventRounds "9"]
[EventCountry "FRA"]

1. e4 e6 2. Nf3 d5 3. e5 c5 4. c3 d4 5. Bb5+ Bd7 6. Bxd7+ Qxd7 7. d3 Ne7 8. O-O
Ng6 9. c4 Nc6 10. Re1 Be7 11. Nbd2 O-O 12. Ne4 Qc7 13. Ng3 Ncxe5 14. Nxe5 Nxe5
15. Bf4 Bd6 16. Ne4 Nxc4 17. Nxd6 Nxd6 18. Rc1 a5 19. Qg4 Qc6 20. Be5 Nf5 21.
Re4 Rad8 22. Bf6 Rd5 23. Rf4 g6 24. Qh3 h5 25. g4 Ng7 26. Rxd4 Rc8 27. Rxd5
Qxd5 28. Qe3 Kh7 29. Rc4 b5 30. Re4 Rg8 31. Re5 Qxa2 32. Qh3 Qb1+ 33. Kg2 c4
34. dxc4 bxc4 35. Rxa5 Qe4+ 36. Kg3 Nf5+ 37. Rxf5 exf5 38. f3 Qe1+ 39. Kg2 Re8
40. Qg3 fxg4 41. fxg4 Re2+ 42. Kh3 Re3 0-1

[Event "BdR-ch Open 13 0809"]
[Site "Vitrolles"]
[Date "2008.11.08"]
[Round "2"]
[White "Del Vecchio, Alain"]
[Black "Noireaut, Hung"]
[Result "0-1"]
[WhiteElo "1900"]
[BlackElo "1720"]
[PlyCount "52"]
[EventDate "2008.10.11"]
[EventType "swiss"]
[EventRounds "9"]
[EventCountry "FRA"]

1. e4 d5 2. exd5 Qxd5 3. Nc3 Qa5 4. d4 Nf6 5. Nf3 c6 6. Bd2 Bf5 7. Bc4 e6 8.
Ne5 Qb6 9. Bc1 c5 10. Bb5+ Nc6 11. d5 Rd8 12. Qf3 Nxd5 13. Nxd5 Rxd5 14. Bxc6+
bxc6 15. Nxf7 Kxf7 16. g4 Qb4+ 17. c3 Qxg4 18. Qxg4 Bxg4 19. Be3 Be7 20. Rg1 h5
21. c4 Rd3 22. Kf1 Rhd8 23. Kg2 Rd1 24. h3 Be2 25. f4 Rxa1 26. Rxa1 Rd1 0-1

[Event "BdR-ch Open 13 0809"]
[Site "Vitrolles"]
[Date "2008.11.08"]
[Round "2"]
[White "Chauvet, Jean Marc"]
[Black "Cortes, Antoine"]
[Result "1/2-1/2"]
[WhiteElo "1981"]
[BlackElo "2165"]
[PlyCount "90"]
[EventDate "2008.10.11"]
[EventType "swiss"]
[EventRounds "9"]
[EventCountry "FRA"]

1. e4 c5 2. Nf3 d6 3. Bb5+ Nc6 4. O-O Bd7 5. Re1 Nf6 6. c3 g6 7. d4 cxd4 8.
cxd4 Bg7 9. e5 dxe5 10. dxe5 Nxe5 11. Nxe5 Bxb5 12. Qb3 Qd5 13. Qa3 Ne4 14.
Nxf7 Kxf7 15. Nc3 Nxc3 16. Rxe7+ Kg8 17. Rxg7+ Kxg7 18. Qxc3+ Kf7 19. Bh6 Rhg8
20. Qc7+ Bd7 21. Qf4+ Qf5 22. Qc4+ Qe6 23. Qf4+ Qf6 24. Qc7 Rgd8 25. Rd1 Kg8
26. Rxd7 Rxd7 27. Qxd7 Rd8 28. Qg4 g5 29. Bxg5 Qf5 30. h3 Qxg4 31. hxg4 Rd1+
32. Kh2 Kf7 33. Be3 Ke6 34. Bxa7 Rd2 35. b4 Rxa2 36. Bc5 b5 37. f4 Ra3 38. g3
Rc3 39. f5+ Kf7 40. Kh3 Rc4 41. g5 Re4 42. g4 Rc4 43. Kg3 Kg7 44. Be7 Kf7 45.
Bc5 Kg7 1/2-1/2

[Event "BdR-ch Open 13 0809"]
[Site "Vitrolles"]
[Date "2008.11.08"]
[Round "2"]
[White "Girard, Jean Pierre"]
[Black "Poulain, Cedric"]
[Result "0-1"]
[WhiteElo "1940"]
[BlackElo "1933"]
[PlyCount "102"]
[EventDate "2008.10.11"]
[EventType "swiss"]
[EventRounds "9"]
[EventCountry "FRA"]

1. e4 e5 2. Nf3 Nf6 3. Nxe5 d6 4. Nf3 Nxe4 5. d4 d5 6. Bd3 Be7 7. c4 Bb4+ 8.
Nbd2 Nxd2 9. Bxd2 Qe7+ 10. Be2 dxc4 11. O-O O-O 12. Bxc4 Bg4 13. Re1 Qd6 14.
Qb3 Nc6 15. Bxb4 Qxb4 16. Qxb4 Nxb4 17. Ne5 Bf5 18. g4 Be6 19. Rac1 Bxc4 20.
Rxc4 Nd5 21. Nd7 Rfe8 22. Rcc1 b6 23. Re5 Rxe5 24. Nxe5 Re8 25. Nc6 Re2 26.
Nxa7 Rxb2 27. a4 Rb4 28. Nb5 g6 29. h3 Rxa4 30. Nxc7 Nxc7 31. Rxc7 Rxd4 32. Rb7
Rb4 33. Kg2 g5 34. Kf3 Kg7 35. Rc7 Rb3+ 36. Kg2 b5 37. f3 Rb2+ 38. Kf1 b4 39.
Rc5 Kg6 40. Ke1 Rh2 41. Kd1 Rxh3 42. Ke2 Rh2+ 43. Kd3 b3 44. Rb5 b2 45. Rb6+ f6
46. Rb3 h5 47. gxh5+ Kxh5 48. Ke4 g4 49. Rb8 gxf3 50. Kxf3 Kg5 51. Rb5+ f5 0-1

[Event "BdR-ch Open 13 0809"]
[Site "Vitrolles"]
[Date "2008.11.08"]
[Round "2"]
[White "Anton, Jose"]
[Black "Madranges, Jean"]
[Result "0-1"]
[WhiteElo "1916"]
[BlackElo "1724"]
[PlyCount "52"]
[EventDate "2008.10.11"]
[EventType "swiss"]
[EventRounds "9"]
[EventCountry "FRA"]

1. e4 e6 2. Nf3 d5 3. e5 c5 4. b4 cxb4 5. d4 Nc6 6. a3 Bd7 7. axb4 Bxb4+ 8. c3
Be7 9. Bd3 f5 10. O-O Nh6 11. Ba3 O-O 12. Bxe7 Qxe7 13. Na3 a6 14. c4 g5 15.
Qd2 Nf7 16. Bxf5 Nfxe5 17. Bxh7+ Qxh7 18. dxe5 Rxf3 19. Qxg5+ Kh8 20. Rfe1 Rg8
21. Qd2 Rh3 22. cxd5 Rxh2 23. Kf1 Qh5 24. f3 Rh1+ 25. Kf2 Rxg2+ 26. Kxg2 Qh2#
0-1

[Event "BdR-ch Open 13 0809"]
[Site "Vitrolles"]
[Date "2008.11.08"]
[Round "2"]
[White "Pierrugues, Laurent"]
[Black "Estevez, Ange"]
[Result "1-0"]
[WhiteElo "1860"]
[BlackElo "1625"]
[PlyCount "97"]
[EventDate "2008.10.11"]
[EventType "swiss"]
[EventRounds "9"]
[EventCountry "FRA"]

1. Nf3 d6 2. g3 g6 3. Bg2 Bg7 4. c4 c6 5. O-O Nh6 6. Nc3 O-O 7. d4 Nd7 8. Bf4
e5 9. dxe5 dxe5 10. Bg5 f6 11. Bd2 Nf7 12. Qc2 Qe7 13. e4 Nc5 14. Rad1 Be6 15.
b3 Rfd8 16. Be3 b6 17. Nh4 Rxd1 18. Rxd1 Rd8 19. Rxd8+ Qxd8 20. Bxc5 bxc5 21.
Nf3 Bh6 22. Na4 Qd6 23. Nb2 Ng5 24. Nxg5 Bxg5 25. Kf1 Qd2 26. Qxd2 Bxd2 27. Nd3
Bb4 28. f4 exf4 29. gxf4 Bd7 30. e5 Bf5 31. Ke2 fxe5 32. fxe5 Bc3 33. Bxc6
Bxd3+ 34. Kxd3 Bxe5 35. h3 a5 36. Ke4 Bg3 37. Kd5 Bf2 38. Kd6 Bd4 39. Bd5+ Kg7
40. Kc6 Kf6 41. Kb5 Ke5 42. Kxa5 g5 43. a4 Kd6 44. Kb6 Bf6 45. a5 Bd8+ 46. Kb5
Bc7 47. a6 Bb8 48. Kb6 Bc7+ 49. Kb7 1-0

[Event "BdR-ch Open 13 0809"]
[Site "Vitrolles"]
[Date "2008.11.08"]
[Round "2"]
[White "Garcia, Robustiano"]
[Black "Chauvet, Vincent"]
[Result "0-1"]
[WhiteElo "1610"]
[BlackElo "1820"]
[PlyCount "48"]
[EventDate "2008.10.11"]
[EventType "swiss"]
[EventRounds "9"]
[EventCountry "FRA"]

1. d4 f5 2. c4 Nf6 3. Nc3 e6 4. Nf3 b6 5. Bf4 Bb4 6. Qa4 Bxc3+ 7. bxc3 O-O 8.
e3 Ne4 9. Rc1 d6 10. Be2 Bb7 11. Qb3 c5 12. a4 Nc6 13. h3 Qe7 14. d5 Na5 15.
Qa2 e5 16. Bh2 g5 17. Nd2 Nxd2 18. Kxd2 Ba6 19. Rhf1 Rae8 20. g4 e4 21. gxf5
Rxf5 22. h4 Ref8 23. hxg5 Rxf2 24. Bf4 Rxe2+ 0-1

[Event "BdR-ch Open 13 0809"]
[Site "Vitrolles"]
[Date "2008.11.08"]
[Round "2"]
[White "Baquer, Marc"]
[Black "Montanelli, Tristan"]
[Result "1-0"]
[WhiteElo "1806"]
[BlackElo "1611"]
[PlyCount "93"]
[EventDate "2008.10.11"]
[EventType "swiss"]
[EventRounds "9"]
[EventCountry "FRA"]

1. d4 g6 2. Bg5 Bg7 3. e3 c5 4. Nf3 Qb6 5. Nc3 h6 6. Bf4 Nf6 7. dxc5 Qxb2 8.
Nb5 O-O 9. Rb1 Qxa2 10. Nc7 Ne4 11. Rb3 Nxc5 12. Nxa8 Nxb3 13. cxb3 Bc3+ 14.
Nd2 d6 15. Bd3 g5 16. Bg3 Nd7 17. Nc7 Nc5 18. Bc2 Be6 19. Nxe6 fxe6 20. O-O
Bxd2 21. Qxd2 Rf5 22. Qc3 Qa6 23. Bxf5 exf5 24. Qc4+ Qxc4 25. bxc4 Kf7 26. h4
g4 27. Bf4 h5 28. Ra1 a6 29. Kf1 Ke6 30. Ke2 Kd7 31. f3 e5 32. Bg5 Ke6 33. fxg4
fxg4 34. Rf1 Ne4 35. Rf8 a5 36. Re8+ Kd7 37. Ra8 a4 38. Kd3 Nc5+ 39. Kc3 Na6
40. Rh8 Kc6 41. Rxh5 b5 42. cxb5+ Kxb5 43. Rh8 Nc5 44. Rb8+ Ka5 45. Bd8+ Ka6
46. h5 Ka7 47. Bb6+ 1-0

[Event "BdR-ch Open 13 0809"]
[Site "Vitrolles"]
[Date "2008.11.08"]
[Round "2"]
[White "Parroco, Pierre Jean"]
[Black "Calatayud, Stephane"]
[Result "1-0"]
[WhiteElo "1745"]
[BlackElo "1580"]
[PlyCount "47"]
[EventDate "2008.10.11"]
[EventType "swiss"]
[EventRounds "9"]
[EventCountry "FRA"]

1. e4 e5 2. Nf3 f5 3. Nxe5 Qf6 4. d4 d6 5. Nc4 fxe4 6. Ne3 c6 7. Bc4 d5 8. Bb3
Be6 9. c4 Qf7 10. cxd5 cxd5 11. Nc3 Nf6 12. O-O Nc6 13. f3 exf3 14. Rxf3 Qh5
15. Ncxd5 Bd6 16. Nxf6+ gxf6 17. Bxe6 Qxh2+ 18. Kf1 Ke7 19. d5 Ne5 20. Rh3 Qf4+
21. Kg1 Bc5 22. Kh1 Bxe3 23. Bxe3 Qe4 24. Bc5+ 1-0

[Event "BdR-ch Open 13 0809"]
[Site "Vitrolles"]
[Date "2008.12.06"]
[Round "3"]
[White "Battaglia, Gerard"]
[Black "Israel, Daniel"]
[Result "1-0"]
[WhiteElo "1905"]
[BlackElo "1740"]
[PlyCount "149"]
[EventDate "2008.10.11"]
[EventType "swiss"]
[EventRounds "9"]
[EventCountry "FRA"]

1. d4 Nf6 2. c4 e6 3. Nf3 d5 4. Bg5 Be7 5. Nc3 b6 6. e3 Bb7 7. Be2 Nbd7 8. O-O
O-O 9. Rc1 Rc8 10. Ne5 Nxe5 11. dxe5 Nd7 12. Bf4 dxc4 13. Bxc4 Nc5 14. Qg4 Kh8
15. Rfd1 Qe8 16. Bg3 f5 17. Qe2 Qg6 18. f3 a5 19. a3 Rcd8 20. Nb5 Rxd1+ 21.
Rxd1 Bd8 22. Nd4 Bc8 23. b4 axb4 24. axb4 Nb7 25. Qa2 c5 26. bxc5 Nxc5 27. Nc6
Bc7 28. Na7 Bb7 29. Nb5 Bb8 30. Nd6 Bc6 31. Qe2 h5 32. Bh4 Nd7 33. Be7 Nxe5 34.
Bxf8 Bxf3 35. Qb2 Bxd6 36. Rxd6 Nxc4 37. Qxg7+ Qxg7 38. Bxg7+ Kxg7 39. Rd7+ Kf6
40. gxf3 Ne5 41. Rb7 Nxf3+ 42. Kg2 Ne5 43. Rxb6 Nc4 44. Rb3 e5 45. Rc3 Nd2 46.
Rc6+ Kg5 47. Rc8 e4 48. Rg8+ Kh6 49. h4 Nc4 50. Kf2 Ne5 51. Rg5 Ng6 52. Rxf5
Nxh4 53. Re5 Kg6 54. Rxe4 Nf5 55. Ra4 Kf6 56. Kf3 Ke5 57. Ra5+ Ke6 58. Kf4 Ng7
59. Kg5 Kd6 60. Kf6 Ne8+ 61. Kg6 h4 62. Rh5 Nc7 63. Kf5 Kd5 64. Kf4+ Kc4 65.
Ke4 Nb5 66. Rxh4 Nc3+ 67. Kf5+ Kd3 68. e4 Kd4 69. e5+ Kd5 70. e6 Nb5 71. Kf6
Kd6 72. e7 Nc7 73. Rd4+ Kc5 74. Rd8 Nd5+ 75. Rxd5+ 1-0

[Event "BdR-ch Open 13 0809"]
[Site "Vitrolles"]
[Date "2008.12.06"]
[Round "3"]
[White "Girard, Jean Pierre"]
[Black "Montanelli, Tristan"]
[Result "1-0"]
[WhiteElo "1960"]
[BlackElo "1611"]
[PlyCount "41"]
[EventDate "2008.10.11"]
[EventType "swiss"]
[EventRounds "9"]
[EventCountry "FRA"]

1. e4 c5 2. Nf3 g6 3. d4 cxd4 4. Nxd4 Nc6 5. Be3 Bg7 6. Nc3 Nf6 7. Bc4 O-O 8.
Bb3 d6 9. f3 Bd7 10. Qd2 Rc8 11. O-O-O b6 12. Nxc6 Bxc6 13. h4 Qd7 14. g4 Nxg4
15. fxg4 Bxc3 16. bxc3 Bxe4 17. h5 Bxh1 18. Rxh1 Qxg4 19. hxg6 hxg6 20. Bd4 e5
21. Qh6 1-0

[Event "BdR-ch Open 13 0809"]
[Site "Vitrolles"]
[Date "2008.12.06"]
[Round "3"]
[White "Noireaut, Hung"]
[Black "Milesi, Laurent"]
[Result "0-1"]
[WhiteElo "1720"]
[BlackElo "2082"]
[PlyCount "72"]
[EventDate "2008.10.11"]
[EventType "swiss"]
[EventRounds "9"]
[EventCountry "FRA"]

1. e4 c5 2. Nc3 e6 3. g3 d5 4. Bg2 Nf6 5. d3 Be7 6. exd5 exd5 7. d4 cxd4 8.
Qxd4 Nc6 9. Qd3 d4 10. Nce2 Nb4 11. Qb3 Be6 12. Qa4+ b5 13. Qxb5+ Bd7 14. Qg5
Nxc2+ 15. Kf1 d3 16. Rb1 dxe2+ 17. Nxe2 h6 18. Qe5 Rc8 19. Bd2 Rc5 20. Qf4 Rf5
21. Qc4 Qb6 22. Nf4 Bb5 23. Qxb5+ Qxb5+ 24. Kg1 O-O 25. Rc1 Nd4 26. Bc3 Rxf4
27. Bf1 Ne2+ 28. Bxe2 Qxe2 29. gxf4 Ne4 30. Bd4 Nd2 31. h3 Nf3+ 32. Kg2 Nxd4
33. Rc3 Qe4+ 34. f3 Qe2+ 35. Kg3 Nf5+ 36. Kg4 h5+ 0-1